Me enamoré de Kim Novak : y otras crónicas de cine /

Uloženo v:
Podrobná bibliografie
Hlavní autor: Benítez Ariza, José Manuel (autor)
Další autoři: Mateos, José (prólogo) (prólogo)
Médium: Kniha
Jazyk:španělština
Vydáno: Sevilla, España : Renacimiento, 2002, c2002
Edice:(Los Cuatro Vientos ; 32)
Témata:
Tagy: Přidat tag
Žádné tagy, Buďte první, kdo vytvoří štítek k tomuto záznamu!

MARC

LEADER 00000nam^a2200000^a^4500
001 000193691
005 20250521000000.0
009 20260310102650.813
020 |a 84-8472-039-X 
037 |a Acervo ITESO - Biblioteca 
041 |a ESP 
082 |a 302. 23509  |b BEN 
100 |a Benítez Ariza, José Manuel  |e (autor) 
245 1 0 |a Me enamoré de Kim Novak :  |b y otras crónicas de cine /  |c J.M. Benítez Ariza ; pról. de J. Mateos. 
264 4 |a Sevilla, España :  |b Renacimiento,  |c 2002, c2002 
300 |a 201 p. 
336 |a texto  |b txt  |2 rdacontenido 
337 |a sin mediación  |b n  |2 rdamedio 
338 |a volumen  |b nc  |2 rdasoporte 
440 4 |a (Los Cuatro Vientos ;  |v 32) 
649 |a XX 
650 |a Cine -  |x Historia y Crítica 
700 |a Mateos, José  |e (prólogo) 
910 |a Fondo General 
920 |a Impresos - Libros 
930 |a Colección General 
905 |a 101 
901 |a 0500138437  |b IT1  |c ACC  |u 20250521 
902 |a https://opac.biblio.iteso.mx/vufind/Record/000193691